Celebrities in Disney Style Picture #3 - Statistics

General Stats
  • This quiz has been taken 57 times
  • The average score is 15 of 20
Answer Stats
Picture Answer % Correct
Muhammad Ali
96%
Serena Williams
94%
Michael Jordan
91%
Usain Bolt
89%
Lionel Messi
87%
Bruce Lee
85%
Elon Musk
85%
John Cena
83%
Lebron James
83%
Barack Obama
81%
Jacky Chan
79%
Cristiano Ronaldo
77%
Shaquille O’Neal
75%
Lewis Hamilton
66%
Tom Brady
62%
Roger Federer
60%
Novak Djokovic
55%
Rafael Nadal
55%
Jay-Z
53%
Michael Phelps
51%
No matching quizzes found
Score Distribution
Percent of People with Each Score
Percentile by Number Answered
Your Score History
You have not taken this quiz